00770nam a2200205 a 450000100060000000300090000600800410001504000280005608200180008410000270010224500950012926000470022430000100027165000430028165000340032465000240035894200120038299900170039495201530041112512CO-ViMGA141112s2004 ck r 000 u spa d aCO-ViMGAbspacCO-ViMGA04a150.1952 G87a1 aGutierrez, Jose91802510aAl final del psicoanálisis : bEn un itinerario de balbuceos y reticencias del ego al yo aSantafé de Bogotá : bspiridon, c1995 a259p.14aCRITICA E INTERRUPCION SI MISMO91802614aFREUD - SIGMUND - 1856 - 193914aPSICOANLISIS918027 2ddccBK c23508d23508 00102ddc40708002aMEVIECARbMEVIECARd2015-12-04hVolumen. 1 | 11/jun/2009l0o150.1952 G87a p12512r2015-12-04 00:00:00tEj. 1w2015-12-04yBK